Statistics for Demonyms of Countries of the World

Click here to take the quiz!

General Stats

  • This quiz has been taken 650 times
    (638 since last reset)
  • The average score is 139 of 196

Answer Stats

CountryDemonym% Correct
AlbaniaAlbanian
98%
AustriaAustrian
97%
BulgariaBulgarian
95%
FranceFrench
95%
GermanyGerman
95%
CroatiaCroatian
94%
ItalyItalian
94%
EstoniaEstonian
93%
FinlandFinnish
93%
GreeceGreek or Hellenic
93%
HungaryHungarian or Magyar
93%
Czech RepublicCzech
92%
DenmarkDanish
92%
IrelandIrish
92%
LatviaLatvian
92%
AndorraAndorran
91%
Bosnia and HerzegovinaBosnian or Herzegovian
91%
United KingdomBritish or UK
91%
LithuaniaLithuanian
91%
PolandPolish
91%
RussiaRussian
91%
NetherlandsDutch or Netherlandic
89%
MacedoniaMacedonian
89%
PortugalPortuguese
89%
RomaniaRomanian
89%
SerbiaSerbian
89%
SpainSpanish
89%
SwedenSwedish
89%
BelgiumBelgian
88%
SlovakiaSlovakian
88%
SloveniaSlovenian or Slovene
88%
SwitzerlandSwiss
88%
IcelandIcelandic
87%
ArmeniaArmenian
86%
ChinaChinese
86%
UkraineUkrainian
86%
CanadaCanadian
85%
IndiaIndian
85%
IndonesiaIndonesian
85%
JapanJapanese
85%
MexicoMexican
85%
MoldovaMoldovan
85%
NorwayNorwegian
85%
AfghanistanAfghan
84%
BelarusBelarusian
84%
CubaCuban
84%
Dominica | Dominican
Republic
Dominican
84%
GeorgiaGeorgian
84%
IraqIraqi
84%
IsraelIsraeli
84%
LuxembourgLuxembourg
84%
North KoreaNorth Korean
84%
South KoreaSouth Korean
84%
TurkeyTurkish
84%
United StatesUnited States or American
84%
CambodiaCambodian
83%
IranIranian or
Persian
83%
JamaicaJamaican
83%
MaldivesMalaysian
83%
MongoliaMongolian
83%
NepalNepali or Nepalese
83%
ThailandThai
83%
AustraliaAustralian
82%
BrazilBrazilian
82%
MaltaMaltese
82%
PakistanPakistani
82%
SyriaSyrian
82%
VietnamVietnamese
82%
ColombiaColombian
81%
Costa RicaCosta Rican
81%
HaitiHaitian
81%
PhilippinesPhilippine or Filipino
81%
TaiwanTaiwanese
81%
AlgeriaAlgerian
80%
BoliviaBolivian
80%
LaosLao
79%
NicaraguaNicaraguan
79%
OmanOmani
79%
BahrainBahraini
78%
New ZealandNew Zealand or NZ
78%
QatarQatari
78%
Saudi ArabiaSaudi Arabian
78%
TajikistanTajikistani
78%
UzbekistanUzbekistani
78%
Vatican CityVatican
78%
YemenYemeni
78%
Antigua &
Barbuda
Antiguan or Barbudan
77%
AzerbaijanAzerbaijani or Azeri
77%
BangladeshBangladeshi
77%
EgyptEgyptian
77%
KazakhstanKazakhstani
77%
KuwaitKuwaiti
77%
TurkmenistanTurkmen
77%
GuatemalaGuatemalan
76%
LebanonLebanese
76%
Sri LankaSri Lankan
76%
VenezuelaVenezuelan
76%
AngolaAngolan
75%
BurmaBurmese
75%
EcuadorEcuadorian
75%
FijiFijian
75%
LiechtensteinLiechtenstein
75%
SamoaSamoan
75%
ChileChilean
74%
EthiopiaEthiopian
74%
KosovoKosovan or
Kosovar
74%
PeruPeruvian
74%
KenyaKenyan
73%
KyrgyzstanKyrgyzstani
73%
NigeriaNigerian
73%
TongaTongan
73%
JordanJordanian
72%
LiberiaLiberian
72%
LibyaLibyan
72%
BhutanBhutanese
71%
GambiaGambian
71%
GuineaGuinean
70%
MalaysiaMaldivian
70%
MonacoMonégasque or Monacan
70%
MoroccoMoroccan
70%
SomaliaSomali
69%
EritreaEritrean
68%
Micronesia
(Fed. States)
Micronesian
68%
South AfricaSouth African
68%
GabonGabonese
67%
BotswanaMotswana or Botswanan
67%
NamibiaNamibian
67%
SudanSudanese
67%
CameroonCameroonian
66%
HondurasHonduran
66%
MaliMalian or Malinese
66%
ParaguayParaguayan
66%
UruguayUruguayan
66%
ZambiaZambian
65%
BruneiBruneian
64%
RwandaRwandan
64%
SurinameSurinamese
64%
TanzaniaTanzanian
64%
TunisiaTunisian
64%
BurundiBurundian
63%
ChadChadian
63%
GrenadaGrenadian
63%
GuyanaGuyanese
63%
MauritaniaMauritanian
63%
VanuatuNi-Vanuatu
63%
St. LuciaSaint Lucia
63%
SingaporeSingaporean
63%
South SudanSouth Sudanese
63%
Trinidad & TobagoTrinidadian or Tobagonian
63%
TuvaluTuvaluan
63%
UgandaUgandan
63%
MalawiMalawian
62%
ArgentinaArgentine
61%
Papua New GuineaPapua New Guinean
61%
SenegalSenegalese
61%
BahamasBahamian
60%
NauruNauruan
60%
PalauPalauan
60%
DjiboutiDjiboutian
59%
BeninBeninese
58%
Cape VerdeCabo Verdean
57%
CyprusCypriot
56%
BarbadosBarbadian
55%
United Arab EmiratesEmirati or Emiri
54%
Equatorial
Guinea
Equatorial Guinean
54%
SwazilandSwazi
54%
Congo
(Dem. Rep.) | Congo
(Rep. of)
Congolese
53%
ZimbabweZimbabwean
53%
Central African RepublicCentral African
51%
East TimorTimorese
51%
PanamaPanamanian
49%
MontenegroMontenegrin
48%
Marshall IslandsMarshallese
45%
El SalvadorSalvadoran
45%
MauritiusMauritian
44%
BelizeBelizean
42%
ComorosComoran or Comorian
40%
GhanaGhanaian
40%
Solomon IslandsSolomon Island
40%
Cote d'IvoireIvorian
36%
TogoTogolese
34%
Sierra LeoneSierra Leonean
33%
St. Kitts & NevisKittitian or Nevisian
32%
St. Vincent & the GrenadinesSaint Vincentian
32%
São Tomé &
Príncipe
São Toméan
32%
MadagascarMalagasy
29%
San MarinoSammarinese
26%
SeychellesSeychellois
26%
NigerNigerien
24%
KiribatiI-Kiribati
21%
MozambiqueMozambican
21%
Guinea-BissauBissau-Guinean
20%
Burkina FasoBurkinabé
19%
LesothoBasotho
18%

Score Distribution

Percentile by Number Answered

Percent of People with Each Score

Your Score History

You have not taken this quiz since the last reset